000 00584nam a22002177a 4500
003 UA-OsUOA
001 120707
007 ta
008 20170209b un ||||| |||| 00| 0 ukr d
100 _aСкупейко Л.
090 _a82
_bС46
942 _cSA
040 _aUA-OsUOA
_bukr
_cUA-OsUOA
_dUA-OsUOA
245 _aЛеся Українка і Т. Шевченко: колізії сприйняття
300 _aС.18-22
955 _a0
041 _aukr
080 _a82
773 0 _w120705
650 7 _a82 Література. Літературознавство
_2UDC
999 _c406717
_d406717